00426nam a22001457a 450000500170000001000130001702000220003003500130005203700310006508200060009624500860010226000480018830000210023670000230025720190128121954.0 aB-129690 a8123740352c80.00 aB-129690 bNational Book Trust, India aS aHot days, long nights :bAn anthoogy of african short storiesc Nadezda Obradovic aNew DelhibNational Book Trust, Indiac2000 a312p.c22cm(pbk) aObradovic, Nadezda